Demon Slayer Charaktere - Statistiken

Allgemein
  • Dieses Quiz wurde 628 mal gespielt
  • Das Durchschnittsergebnis liegt bei 28 aus 68
Antwortstatistiken
Tipp Charakter % Korrekt
Hauptcharakter Tanjiro Kamado
99%
/\ Dämonenschwester Nezuko Kamado
89%
Dämonenjäger mit Wildschweinmaske Inosuke Hashibira
73%
Säule der Flammen Kyojuro Rengoku
71%
wird nur stark wenn er schläft Zenitsu Agatsuma
71%
Erster Dämon Michael Jackson aka Muzan Kibutsuji
69%
/\ kleiner Bruder Senjuro Rengoku
69%
/\ Vater Shinjuro Rengoku
69%
/\ Mutter Ruka Rengoku
68%
Säule des Klangs Tengen Uzui
68%
Säule des Wassers Giyu Tomioka
65%
zunehmende 3 Akaza aka Donutbäcker
64%
Säule des Nebels Muichiro Tokito
61%
Säule der Liebe Mitsuri Kanroji
60%
Säule des Windes Sanemi Shinazugawa
59%
Säule der Insekten Shinobu Kocho
58%
/\ Verstorbener Vater Tanjuro Kamado
56%
zunehmende 2 Douma
53%
/\ Verstorbener Schwester Hanako Kamado
53%
Säule der Schlangen Iguro Obanai
53%
/\ Verstorbene Mutter Kie Kamado
53%
Säule des Steins Gyomei Himejima
52%
/\ Verstorbener Bruder Rokuta Kamado
52%
/\ Verstorbener Bruder Takeo Kamado
52%
/\ kleiner Bruder Genya Shinazugawa
51%
/\ Verstorbener Bruder Shigeru Kamado
51%
zweite zunehmende 6 Daki
48%
/\ Tsuguko, kleine Adoptvschwester Kanao Tsuyuri
48%
Dämonenärztin Tamayo
48%
Trainierte den Hauptcharakter Sakonji Urokodaki
46%
/\ Verstorbene große Schwester, ehemalige Säule der Blumen Kanae Kocho
45%
/\ Zwillingsbruder Yuichiro Tokito
45%
primäre zunehmende 6 Gyutaro
43%
abnehmende 5 Rui
41%
hat dem Hauptcharakter geholfen, den Felsen zu zerschneiden Sabito
40%
Vorname mit ausschließlich Vokalen (cool :D),Schmetterlingsanwesen Aoi Kanzaki
39%
zunehmende 1 Kokushibo
39%
abnehmende 1 Enmu
38%
Bester Dämonenjäger in der Geschichte Yoriichi Tsugikuni
36%
zunehmende 5 Gyokko
35%
zunehmende 4 Hantengu
32%
97. Meister der Dämonenjägertruppe Kagaya Ubuyashiki
30%
/\ Frau Amane Ubuyashiki
27%
Schwertschmied für den Hauptcharakter Hotaru Haganezuka
27%
hat den Hauptcharakter motiviert Makomo
27%
/\ Bruder (als Mensch) Michikatsu Tsugikuni
27%
/\ Sohn (?!) Kiriya Ubuyashiki
26%
/\ Tochter Hinaki Ubuyashiki
25%
/\ Tochter Kanata Ubuyashiki
25%
/\ Tochter Kuina Ubuyashiki
25%
/\ Tochter Nichika Ubuyashiki
25%
neue zunehmende 5 oder 6 (benutzt eine Atmungstechnik) Kaigaku
24%
neue zunehmende 4 (Biwaspielerin) Nakime
24%
/\ Waifu Suma
24%
/\ Assistent Yushiro
24%
/\ Waifu Makio
23%
/\ Waifu Hinatsuru
21%
"Balldämon" Susamaru
18%
ehemalige abnehmende 6 Kyogai
17%
hat Angst vor Säulen Murata
15%
"Pfeildämon" Yahaba
15%
kleines Mädchen im Schmetterlingsanwesen Sumi
14%
kleines Mädchen im Schmetterlingsanwesen Naho
11%
kleines Mädchen im Schmetterlingsanwesen Kiyo
10%
abnehmende 6 Kamanue
9%
abnehmende 4 Mukago
9%
abnehmende 2 Rokuro
8%
abnehmende 3 Wakuraba
8%
Keine übereinstimmenden Quizze gefunden
Verteilung der Resultate
Anzahl Personen mit jedem Resultat
Perzentil nach korrekt beantworteten Fragen
Ihre Resultats-Entwicklung
Sie haben dieses Quiz noch nicht gespielt